| 000 | 00403nam a2200121 a 4500 | ||
|---|---|---|---|
| 001 | 000044439 | ||
| 005 | 20201002045356.0 | ||
| 008 | 140630s2002 000 spa d | ||
| 040 |
_aDO-SdBNP _bspa _cBNPHU |
||
| 245 | 0 | _aDiscursos pronunciados en la ceremonia de entrega de la medalla de oro de la arquitectura........ | |
| 260 |
_aMadrid : _bLa Real Academia de BB.AA., _c2002. |
||
| 300 |
_a70 p. ; _c21 cm. |
||
| 999 |
_c43928 _d43928 |
||